LEADER 01029nam0-22002771i-450- 001 990006280770403321 005 20070329141125.0 035 $a000628077 035 $aFED01000628077 035 $a(Aleph)000628077FED01 035 $a000628077 100 $a20000112d1951----km-y0itay50------ba 101 0 $aita 105 $a--------00-yy 200 1 $aRelazione sul terzo anno ERP in Italia (1 luglio 1950-30 giugno 1951)$erapporto ai sensi dell'art. 8 dell'accordo di Cooperazione Economica tra l'Italia e gli Stati Uniti del 28 giugno 1948$fComitato interministeriale per la ricostruzione 210 $aRoma$cAnonima Tipografica Editrice Laziale$d1951 215 $a143 p.$d24 cm 676 $a355.028 710 02$aComitato interministeriale per la ricostruzione$0237224 801 0$aIT$bUNINA$gRICA$2UNIMARC 901 $aBK 912 $a990006280770403321 952 $aXV P 39 (12)$b40255$fFGBC 959 $aFGBC 996 $aRelazione sul terzo anno ERP in Italia (1 luglio 1950-30 giugno 1951$9639615 997 $aUNINA LEADER 01261nam 2200361 450 001 996279515503316 005 20230809231312.0 010 $a1-5386-1817-6 035 $a(CKB)4100000002622667 035 $a(WaSeSS)IndRDA00121060 035 $a(EXLCZ)994100000002622667 100 $a20200320d2017 uy 0 101 0 $aeng 135 $aur||||||||||| 181 $ctxt$2rdacontent 182 $cc$2rdamedia 183 $acr$2rdacarrier 200 10$a2017 IEEE 4th International Conference Actual Problems of Unmanned Aerial Vehicles Developments (APUAVD) $eproceedings, October 17-19, 2017, Kyiv, Ukraine /$fIEEE 210 1$aPiscataway, New Jersey :$cInstitute of Electrical and Electronics Engineers,$d2017. 215 $a1 online resource (277 pages) 300 $aIncludes index. 311 $a1-5386-1818-4 606 $aDrone aircraft$vCongresses 606 $aNavigation (Aeronautics)$vCongresses 615 0$aDrone aircraft 615 0$aNavigation (Aeronautics) 676 $a623.74 801 0$bWaSeSS 801 1$bWaSeSS 906 $aPROCEEDING 912 $a996279515503316 996 $a2017 IEEE 4th International Conference Actual Problems of Unmanned Aerial Vehicles Developments (APUAVD)$92513205 997 $aUNISA